Shaking the pumpkin; (Record no. 1209)

MARC details
000 -LEADER
fixed length control field 00716cam a2200241 4500
005 - DATE AND TIME OF LATEST TRANSACTION
control field 20260322212051.0
008 - FIXED-LENGTH DATA ELEMENTS--GENERAL INFORMATION
fixed length control field data
010 ## - LIBRARY OF CONGRESS CONTROL NUMBER
LC control number 74171317
040 ## - CATALOGING SOURCE
Original cataloging agency DLC
Transcribing agency DLC
Modifying agency DLC
041 1# - LANGUAGE CODE
Language code of text/sound track or separate title engmul
050 00 - LIBRARY OF CONGRESS CALL NUMBER
Classification number PM197.E3
Item number R6
082 00 - DEWEY DECIMAL CLASSIFICATION NUMBER
Classification number 897
Edition information 19
092 ## - LOCALLY ASSIGNED DEWEY CALL NUMBER (OCLC)
Classification number 897 R6 1972
001 - CONTROL NUMBER
control field data
100 1# - MAIN ENTRY--PERSONAL NAME
Personal name Rothenberg, Jerome,
Dates associated with a name 1931-
Relator term comp.
245 10 - TITLE STATEMENT
Title Shaking the pumpkin;
Remainder of title traditional poetry of the Indian North Americas.
Statement of responsibility, etc. Jerome Rothenberg.
250 ## - EDITION STATEMENT
Edition statement [1st ed.]
260 ## - PUBLICATION, DISTRIBUTION, ETC.
Place of publication, distribution, etc. Garden City, N.Y.,
Name of publisher, distributor, etc. Doubleday,
Date of publication, distribution, etc. 1972.
300 ## - PHYSICAL DESCRIPTION
Extent xxvi, 475 p.
Other physical details illus.
Dimensions 22 cm.
350 ## - PRICE (NR) (BK AM CF MU VM SE) [OBSOLETE]
Price {dollar}8.95
504 ## - BIBLIOGRAPHY, ETC. NOTE
Bibliography, etc. note Includes bibliographical references.
650 #0 - SUBJECT ADDED ENTRY--TOPICAL TERM
Topical term or geographic name entry element Indian poetry
Geographic subdivision North America
General subdivision Translations into English.
Holdings
Withdrawn status Lost status Damaged status Not for loan Home library Current library Shelving location Date acquired Total checkouts Full call number Barcode Date last seen Price effective from Koha item type
        Pleasant Valley Pleasant Valley General stacks 22/03/2026   897 19 BC0011248 22/03/2026 22/03/2026 Books